Introductory ecology /
Saved in:
| Main Author: | |
|---|---|
| Other Authors: | |
| Format: | Book |
| Language: | English |
| Published: |
Oxford ; Malden, MA
Blackwell Science
c2002.
|
| Subjects: | |
| Online Access: | View in OPAC |
| Tags: |
No Tags, Be the first to tag this record!
|
MARC
| LEADER | 00000cam a22000004a 4500 | ||
|---|---|---|---|
| 005 | 20260127133934.0 | ||
| 008 | 080304s2002 enkab b 001 0 eng | ||
| 010 | |a 2001-043128 | ||
| 020 | |a 0632042273 (pbk. : alk. paper) | ||
| 035 | |a vtls009188452 | ||
| 039 | 9 | |a 200803041010 |b mschk04 |y 200803041006 |z mschk04 | |
| 040 | |a DLC |c DLC |d DLC |d STUSCHK1 | ||
| 042 | |a pcc | ||
| 082 | 0 | 0 | |a 577 |2 21 |
| 100 | 1 | |a Cotgreave, Peter. | |
| 245 | 1 | 0 | |a Introductory ecology / |c Peter Cotgreave, Irwin Forseth. |
| 260 | |a Oxford ; |a Malden, MA |b Blackwell Science |c c2002. | ||
| 300 | |a vii, 278 p. |b ill. (some col.), maps (some col.) |c 25 cm. | ||
| 504 | |a Includes bibliographical references (p. 256-261) and index. | ||
| 650 | 0 | |a Ecology. | |
| 700 | 1 | |a Forseth, Irwin. | |
| 906 | |a 7 |b cbc |c orignew |d 1 |e ocip |f 20 |g y-gencatlg | ||
| 910 | |a SCHK95 | ||
| 919 | |a 0-632-04227-3 | ||
| 925 | 0 | |a acquire |b 1 shelf copy |x policy default | |
| 955 | |d jb04 2001-07-25 |e jb20 2001-07-25 to dewey |f pv24 2002-11-12 CIP ver. to BCCD | ||
| 999 | |c 465 |d 465 | ||